000 00510nam a2200193Ia 4500
005 20250206052006.0
008 240331s9999 xx 000 0 und d
020 _a0231065558
082 _bSCO
_22532
_a305.4
100 _aScott, J. W
245 0 _aGender and the Politics of History
260 _aNew York;
_aChichester;
_aWest Sussex
_bColumbia University Press
_c1988
300 _ax, 242 p.,
650 _aGender
650 _aFeminist History
650 _aPolitics
650 _aEquality
942 _cL
999 _c1701
_d1701